00340nam a2200157Ia 4500003000400000005001700004008004100021040000700062041000800069082001300077100001500090245003600105260002000141300000900161650001200170OSt20251031144304.0250729s2003 xx 000 0 und d cAL aeng a954 HEBH aHebbar V R aHistory of India 1206-1856 A D) aMangalorec2003 a456p aHistory